বাংলাদেশের মুক্তিযুদ্ধ জ্ঞানকোষ / (Record no. 12100)
[ view plain ]
| 000 -LEADER | |
|---|---|
| fixed length control field | 01316nam a2200229 a 4500 |
| 001 - CONTROL NUMBER | |
| JCCL Control Number | 12100 |
| 003 - CONTROL NUMBER IDENTIFIER | |
| JCCL marc code | BD-JhCC |
| 005 - DATE AND TIME OF LATEST TRANSACTION | |
| control field | 20210315094637.0 |
| 008 - FIXED-LENGTH DATA ELEMENTS--GENERAL INFORMATION | |
| fixed length control field | 210315b 2020bg a|||| ||a| 000 0 ban d |
| 020 ## - INTERNATIONAL STANDARD BOOK NUMBER | |
| International Standard Book Number | 9789843492609 |
| 035 ## - SYSTEM CONTROL NUMBER | |
| system control number | (BD-JhCC)12100 |
| 040 ## - CATALOGING SOURCE | |
| Original cataloging agency | BD-JhCC |
| Modifying agency | BD-JhCC |
| 041 ## - LANGUAGE CODE | |
| Language code of Book | Ben |
| 082 ## - DEWEY DECIMAL CLASSIFICATION NUMBER | |
| Classification number | 954.9205 |
| Author mark and Year | BAN 2020 |
| 245 ## - TITLE STATEMENT | |
| Title | বাংলাদেশের মুক্তিযুদ্ধ জ্ঞানকোষ / |
| Statement of responsibility, etc | সম্পাদনায় হারুন-অর-রশিদ |
| 260 ## - PUBLICATION, DISTRIBUTION, ETC. (IMPRINT) | |
| Place of publication, distribution, etc | ঢাকা : |
| Name of publisher, distributor, etc | বাংলাদেশ এশিয়াটিক সোসাইটি; |
| Date of publication, distribution, etc | ২০২০. |
| 300 ## - PHYSICAL DESCRIPTION | |
| Pagination | ভলিউম ১-১০ : |
| Other physical details | চিত্রাবলী সংযোজিত ; |
| Dimensions | ২৪ সে.মি. |
| 500 ## - GENERAL NOTE | |
| General note | খন্ড-১ : অং - এম<br/>খন্ড-২ : এম - খাটা<br/>খন্ড-৩ : খাটি - জগ<br/>খন্ড-৪ : জগ - দৌল<br/>খন্ড-৫: দৌল - পিটা<br/>খন্ড-৬ : পিটি - দোলা<br/>খন্ড-৭ : বালি- মানি<br/>খন্ড-৮ : মানি - যাদ<br/>খন্ড-৯ : যুক্ত - শৈল<br/>খন্ড-১০ :শোল - হোসে |
| 650 ## - SUBJECT ADDED ENTRY--TOPICAL TERM | |
| Topical term or geographic name as entry element | Liberation war |
| Geographic subdivision | Bangladesh |
| 700 ## - ADDED ENTRY--PERSONAL NAME | |
| Personal name | হারুন-অর-রশিদ |
| 942 ## - ADDED ENTRY ELEMENTS (KOHA) | |
| Source of classification or shelving scheme | Dewey Decimal Classification |
| Koha item type | Books |
| Source of classification or shelving scheme | volume number | Damaged status | Not for loan | Home library | Current library | Shelving location | Date of accession | Cost, normal purchase price | Total Checkouts | Full call number | Barcode | Date last seen | Copy number | Koha item type | Date checked out |
|---|---|---|---|---|---|---|---|---|---|---|---|---|---|---|---|
| Dewey Decimal Classification | V-1 | JCC Rouf Library | JCC Rouf Library | General Stacks | 03/15/2021 | 600.00 | 954.9205 BAN 2020 | 16583 | 03/15/2021 | C-1 | Books | ||||
| Dewey Decimal Classification | V-2 | JCC Rouf Library | JCC Rouf Library | General Stacks | 03/15/2021 | 600.00 | 954.9205 BAN 2020 | 16584 | 03/15/2021 | C-1 | Books | ||||
| Dewey Decimal Classification | V-3 | JCC Rouf Library | JCC Rouf Library | General Stacks | 03/15/2021 | 600.00 | 954.9205 BAN 2020 | 16585 | 03/15/2021 | C-1 | Books | ||||
| Dewey Decimal Classification | V-4 | JCC Rouf Library | JCC Rouf Library | General Stacks | 03/15/2021 | 600.00 | 954.9205 BAN 2020 | 16586 | 03/15/2021 | C-1 | Books | ||||
| Dewey Decimal Classification | V-5 | JCC Rouf Library | JCC Rouf Library | General Stacks | 03/15/2021 | 600.00 | 954.9205 BAN 2020 | 16587 | 03/15/2021 | C-1 | Books | ||||
| Dewey Decimal Classification | V-6 | JCC Rouf Library | JCC Rouf Library | General Stacks | 03/15/2021 | 600.00 | 954.9205 BAN 2020 | 16588 | 03/15/2021 | C-1 | Books | ||||
| Dewey Decimal Classification | V-7 | JCC Rouf Library | JCC Rouf Library | General Stacks | 03/15/2021 | 600.00 | 2 | 954.9205 BAN 2020 | 16589 | 11/16/2023 | C-1 | Books | 11/16/2023 | ||
| Dewey Decimal Classification | V-8 | JCC Rouf Library | JCC Rouf Library | General Stacks | 03/15/2021 | 600.00 | 954.9205 BAN 2020 | 16590 | 03/15/2021 | C-1 | Books | ||||
| Dewey Decimal Classification | V-9 | JCC Rouf Library | JCC Rouf Library | General Stacks | 03/15/2021 | 600.00 | 954.9205 BAN 2020 | 16591 | 03/15/2021 | C-1 | Books | ||||
| Dewey Decimal Classification | V-10 | JCC Rouf Library | JCC Rouf Library | General Stacks | 03/15/2021 | 600.00 | 954.9205 BAN 2020 | 16592 | 03/15/2021 | C-1 | Books |